|
|
|
|
| LEADER |
00000nam a2200000Ia 4500 |
| 008 |
180928b2003 cr ||||| |||| 00| 0 spa d |
| 999 |
|
|
|c 2523
|d 2523
|
| 090 |
|
|
|a CD #93
|
| 100 |
1 |
|
|a Chaves Salas, Ana Lupita
|9 255
|
| 245 |
1 |
0 |
|a Curso de Extensión Docente: La filosofía del lenguaje integral y la pedagogía crítica en el nivel inicial /
|c Lupita Chaves, Jacqueline García
|
| 260 |
|
|
|a San José, Costa Rica :
|b IIMEC,
|c 2003
|
| 300 |
|
|
|a Disco compacto
|
| 500 |
|
|
|a Contiene: Programa del curso
|
| 500 |
|
|
|a Lecturas del curso
|
| 650 |
|
0 |
|9 1470
|a CURSOS DE CAPACITACIÓN
|
| 700 |
|
|
|a García Fallas, Jacqueline
|9 759
|
| 942 |
|
|
|i 003001
|h CD #93
|2 z
|c 08
|